| 000 | 00326nam a22001337a 4500 | ||
|---|---|---|---|
| 003 | SGT | ||
| 082 |
_a617.692 _bS13C |
||
| 100 | _aCHAWLA, TANVI | ||
| 245 | _aSHADE SELECTION IN FIXED PARTIAL DENTURE | ||
| 260 |
_aDELHI NCR _bSGT UNIVERSITY GURUGRAM _c2013 |
||
| 300 | _a1-73 | ||
| 650 | _aPROSTHODONTICS | ||
| 942 |
_2ddc _cTH |
||
| 999 |
_c18545 _d18545 |
||